00365nam a2200133Ia 4500008004100000020001800041041000800059082001800067100001600085245006700101260004400168300000900212500001000221220803s9999 xx 000 0 und d a9781118477106 aeng a690.028'6 WIL aWilkinson S aSustainable Building Adaptation Innovations In Decision Making aUnited KingdombWiley Publicationc2014 a278p aENVIR